|
|
|
|
| LEADER |
01142cam a2200301 a 4500 |
| 001 |
7681 |
| 003 |
BD-DhAAL |
| 005 |
20130915151857.0 |
| 008 |
130915s1995 caua b 001 0 eng d |
| 010 |
|
|
|a 94025337
|
| 020 |
|
|
|a 0534247806 (alk. paper)
|
| 040 |
|
|
|a DLC
|c DLC
|d DLC
|d BD-DhAAL
|
| 050 |
0 |
0 |
|a HM48
|b .L63 1995
|
| 082 |
0 |
0 |
|a 301/.072
|2 20
|
| 100 |
1 |
|
|a Lofland, John.
|9 3047
|
| 245 |
1 |
0 |
|a Analyzing social settings :
|b a guide to qualitative observation and analysis /
|c John Lofland, Lyn H. Lofland.
|
| 250 |
|
|
|a 3rd ed.
|
| 260 |
|
|
|a Belmont, Calif. :
|b Wadsworth,
|c c1995.
|
| 300 |
|
|
|a xx, 267 p. :
|b ill. ;
|c 30 cm.
|
| 504 |
|
|
|a Includes bibliographical references (p. 237-259) and index.
|
| 541 |
|
|
|e 7681
|
| 650 |
|
0 |
|a Sociology
|x Research.
|9 3048
|
| 650 |
|
0 |
|a Social sciences
|x Research.
|9 3049
|
| 650 |
|
0 |
|a Sociology
|x Methodology.
|9 2832
|
| 700 |
1 |
|
|a Lofland, Lyn H.
|9 3050
|
| 942 |
|
|
|2 ddc
|c BK
|
| 999 |
|
|
|c 13959
|d 13959
|
| 952 |
|
|
|0 0
|1 0
|2 ddc
|4 1
|6 301_072000000000000_LOF
|7 0
|9 23389
|a BRACUL
|b BRACUL
|c SPS
|d 2013-09-15
|l 0
|o 301.072 LOF
|p 3010007681
|r 2013-09-15
|t 1
|w 2013-09-15
|y BK
|x Photocopy Book. Declared as Damaged on December 10, 2023
|